000 00772nam a2200265Ia 4500
003 OSt
005 20220918171254.0
006 a|||||r|||| 00| 0
007 ta
008 220917b |||||||| |||| 00| 0 eng d
020 _a9781446274842 (pbk)
_c2342.80
024 _a285,222
037 _bCBS/376, 17/03/2015, Classic Book Service
_cTextual
040 _aARTS
_cARTS
_beng
041 _2eng
_aeng
082 _aSN1:4-86, Q5
100 _aWills Frank
_920844
245 0 _aSkills in cognitive Behaviour therapy
250 _a2nd
260 _aLondon
_bSage UK
_c2015
300 _ax,192p.
_ccm.
650 _aPSYCHOLOGY
942 _hSN1:4-86, Q5
_cTEXL
_2CC
999 _c138685
_d138685